000 00834cam a2200229 a 4500
001 vtls003156618
003 MY-SjTCS
005 20200226114223.0
008 110218s2011 nyuab 001 0 eng
020 _a9780078116995 (pbk.)
020 _a0078116996 (pbk.)
039 9 _a201102181658
_bVLOAD
_c201006210916
_dsiew_eng
_c201006210916
_dsiew_eng
_c201006210909
_dsiew_eng
_y201006011756
_zshuhada
082 0 4 _a301
_bKOT 2011
100 1 _aKottak, Conrad Phillip.
_92215
245 1 0 _aAnthropology :
_bappreciating human diversity /
_cConrad Phillip Kottak.
250 _a14th ed.
260 _aNew York :
_bMcGraw-Hill,
_cc2011.
300 _axxxiv, 648, [38] p. :
_bcol. ill., maps ;
_c28 cm.
504 _aIncludes bibliographical references (p. 609-626) and indexes.
650 0 _aAnthropology.
_91501
920 _aSHT : 144831
999 _c128895